00471nam a2200181Ia 4500020001500000082001600015245004600031260002800077300001100105504001900116650002100135650002400156650001600180650002800196650001800224650002600242700002100268 a1560237899 a306.76 GRO- 0aGrowing older: perspectives on LGBT aging aLondonbRoutledgec2010 ax, 210 aincludes index aSex (Psychology) aSexual orienatation aBisexuality aGay and lesbian studies aHomosexuality aAgedvSexual behavior aSears, James T.